000 00599nam a2200229Ia 4500
003 OSt
005 20220930191611.0
006 a|||||r|||| 00| 0
007 ta
008 220926b |||||||| |||| 00| 0 eng d
024 _a9101
037 _cDissertations
040 _aCRL
_cCRL
_beng
041 _2eng
_aeng
100 _aBenjamin T.C.
_9560302
110 _aUniversity of Delhi
245 0 _aBlood Transfusion Indication, Methods, complications, and results
260 _c1962
700 _aUniversity of Delhi
942 _cDIS
_2CC
999 _c894142
_d894142